• 首页
  • 本馆介绍
  • 公告通知
  • 最新文献
  • 馆藏检索
  • 电子资源
  • 读者导购
  • 参考咨询
  • 我的图书馆
  • 登录
  • 详细信息显示
  • 放入我的书架
  • 预约/预借图书
  • 作者相关作品
  • 分类相关作品
  • 丛书相关作品
  • 出版社相关作品

书目信息

  • 表格格式
  • 工作单格式
  • 卡片格式
题名:
西葫芦高效制种原理与技术
    
 
作者: 谢冰, 编著
分册:  
出版信息: 成都   电子科技大学出版社  2020.01
页数: 166页
开本: 24cm
丛书名:
单 册:
中图分类: S642.6
科图分类:
主题词: 西葫芦--xi hu lu--蔬菜园艺
电子资源:
ISBN: 978-7-5647-7598-8
000 00874nam0 2200253 450
001 CAL 0120202966172
005 20230217093112.0
010    @a978-7-5647-7598-8@dCNY39.00
100    @a20200415d2020 em y0chiy0120 ea
101 0  @achi
102    @aCN@b510000
105    @aa a 000yy
106    @ar
200 1  @a西葫芦高效制种原理与技术@Axi hu lu gao xiao zhi zhong yuan li yu ji shu@f谢冰编著
210    @a成都@c电子科技大学出版社@d2020.01
215    @a166页@c图@d24cm
314    @a谢冰, 博士, 山东农业大学园艺科学与工程学院副教授。
320    @a有书目 (第165页)
330    @a本书分为西葫芦高效制种原理、西葫芦高效制种技术两部分。主要内容包括: 西葫芦概述 ; 西葫芦的基本生物学特性等。
606 0  @a西葫芦@Axi hu lu@x蔬菜园艺
690    @aS642.6@v5
701  0 @a谢冰,@Axie bing@f1968-@4编著
801  0 @aCN@bBJXHZP@c20230222
905    @b1379382-5@dS642.6@e696@f4
    
    西葫芦高效制种原理与技术/谢冰编著.-成都:电子科技大学出版社,2020.01
    166页:图;24cm
    
    
    ISBN 978-7-5647-7598-8:CNY39.00
    本书分为西葫芦高效制种原理、西葫芦高效制种技术两部分。主要内容包括: 西葫芦概述 ; 西葫芦的基本生物学特性等。
●
相关链接 在E读中查询图书 在五车中查询图书 在当当中查询图书 在豆瓣中查询图书


正题名:西葫芦高效制种原理与技术     索取号:S642.6/696         预约/预借

序号 登录号 条形码 馆藏地/架位号 状态 备注
1 1379382   213793821   第二样本阅览室/ [索取号:S642.6/696] 在馆    
2 1379383   213793830   第三借阅区/ [索取号:S642.6/696] 在馆    
3 1379384   213793849   第三借阅区/ [索取号:S642.6/696] 在馆    
4 1379385   213793858   第三借阅区/ [索取号:S642.6/696] 在馆    
唐山师范学院图书馆 欢迎您!
大连网信软件有限公司© 版权所有